000 02420ncm0a2200433 4500
001 RU\NLR\ONIZ\224172
005 20250626133741.0
013 _a979-0-9003190-8-1
021 _aRU
_b18-292
_918-НО-П-23
035 _a(NLR Aleph) 011809219
090 _a11908937
_c11908937
100 _a20181001d2018 |||y0rusy50 ca
101 0 _arus
102 _aRU
125 _aay
128 _apot
145 0 _ab
200 1 _aСпоёмте, друзья
_bНоты
_eпопурри на темы песен В. П. Соловьёва-Седого
_eдля орк. рус. нар. инструментов
_fН. Н. Малыгин
208 _aПартитура
210 _aЧелябинск
_cЧГИК
_d2018
215 _a41 с.
_cцв. ил.
_d29 см
300 _aНа тит. л.: К 50-летию ЧГИК
313 _aСистематизация документа проведена по изданию - Методика классифицирования музыкальных произведений (нотных изданий) по таблицам Библиотечно-библиографических классификаций : метод. рекомендации / Гос. б-ка СССР им. В.И. Ленина.- М., 1977. Индексу ББК методических рекомендаций присваивается код ББК для научных библиотек - LBC/SL
606 1 _aПопурри для народного оркестра
_yРоссия
_z21 в.
_2nlr_sh
606 1 _aМузыка для оркестра народных инструментов
_yРоссия
_z19-21 вв.
_2nlr_sh
686 _aЩ951.9-052(2Р=Рус)П
_vLBC/SL
_2rubbk
700 1 _9z03790
_aМалыгин
_bН. Н.
_f1944–
_gНиколай Никитич
_4230
_4030
_7ca
702 1 _9z02790
_aСоловьёв-Седой
_bВ. П.
_f1907 - 1979
_gВасилий Павлович
_4070
_7ca
790 1 _9z02702
_aSolov`jov-Sedoj
_bV. P.
_f1907 - 1979
_gVasilij Pavlovič
_4070
_7ba
790 1 _9z03700
_aMalygin
_bN. N.
_f1944–
_gNikolaj Nikitič
_4230
_4030
_7ba
801 0 _aRU
_bNLR
_c20181001
_gPSBO
801 1 _aRU
_bNLR
_c20181001
_2rusmarc
801 2 _aRU
_bNLR
_c20190630
852 _aNLR
_bМ
_jК-3/29581
_pМОЭ 2018-НО-П-23/292
_t1
852 _aNLR
_bМ
_jК-3/29581а
_pМОЭ 2018-НО-П-23/292а
_t2
942 _cSCORE
980 _aNB
980 _aONIZ